Antología poética de Gabriela Mistral

Saved in:
Bibliografiske detaljer
Hovedforfatter: Calderón, Alfonso (autor)
Format: Bog
Sprog:spansk
Udgivet: Santiago Universitaria 1974
Udgivelse:1a. ed
Serier:Colección Letras de América
Fag:
Tags: Tilføj Tag
Ingen Tags, Vær først til at tagge denne postø!

MARC

LEADER 00000cam a2200000 a 4500
001 UCF0065
003 CL-VaPUC
005 20241016095656.0
008 120427e19740000CL |||||||||||||||||spa|d
999 |c 347569  |d 347567 
040 |c Pontificia Universidad Católica de Valparaíso 
082 0 4 |a Ch861  |b ANT  |2 21 
100 |a Calderón, Alfonso   |e autor  |9 561893 
245 1 0 |a Antología poética de Gabriela Mistral 
250 |a 1a. ed 
260 |a Santiago  |b Universitaria  |c 1974 
300 |a 171 p 
490 0 |a Colección Letras de América 
500 |a Selección de Alfonso Calderón 
583 |a last modification  |c 20120904 05:14:26  |k Rodrigo Vera 
600 0 |a Mistral, Gabriela,  |d 1889-1957  |e autora  |q Godoy Alcayaga, Lucila  |9 866296 
650 0 |a Poesías chilenas   |9 265280 
650 0 |a Literatura chilena   |9 308278 
650 0 |a Antologías  |9 309836 
942 |c BK  |2 ddc 
945 |d 20120427 00:00:00  |a cmena 
952 |0 0  |1 0  |4 0  |6 CH_861_000000000000000_ANT_1974  |7 0  |8 A  |9 448994  |a BIBEDU  |b BIBEDU  |c ES_NOD  |d 2019-11-22  |i 4837592  |l 6  |o Ch861 ANT 1974  |p 4837592  |r 2023-09-20  |s 2023-09-12  |w 2019-11-22  |y BK  |k EBA